<?xml version="1.0" encoding="UTF-8"?>
<record
    xmlns:xsi="http://www.w3.org/2001/XMLSchema-instance"
    xsi:schemaLocation="http://www.loc.gov/MARC21/slim http://www.loc.gov/standards/marcxml/schema/MARC21slim.xsd"
    xmlns="http://www.loc.gov/MARC21/slim">

  <leader>01786nam a2200241Ia 4500</leader>
  <controlfield tag="003">OSt</controlfield>
  <controlfield tag="005">20240706104356.0</controlfield>
  <controlfield tag="008">210719s2019    xx            000 0 und d</controlfield>
  <datafield tag="020" ind1=" " ind2=" ">
    <subfield code="a">9788183285285</subfield>
  </datafield>
  <datafield tag="040" ind1=" " ind2=" ">
    <subfield code="c">AL</subfield>
  </datafield>
  <datafield tag="041" ind1=" " ind2=" ">
    <subfield code="a">eng</subfield>
  </datafield>
  <datafield tag="082" ind1=" " ind2=" ">
    <subfield code="a">320.55 NAZG</subfield>
  </datafield>
  <datafield tag="100" ind1=" " ind2=" ">
    <subfield code="a">Pascal Alan Nazareth</subfield>
    <subfield code="9">172494</subfield>
  </datafield>
  <datafield tag="245" ind1=" " ind2=" ">
    <subfield code="a">Gandhi: The Soul Force Warrior</subfield>
    <subfield code="b">Revolutionised Revolution and Spiritualised It</subfield>
  </datafield>
  <datafield tag="260" ind1=" " ind2=" ">
    <subfield code="a">New Delhi</subfield>
    <subfield code="b">Wisdom Tree</subfield>
    <subfield code="c">2019</subfield>
  </datafield>
  <datafield tag="300" ind1=" " ind2=" ">
    <subfield code="a">135</subfield>
    <subfield code="b">HB</subfield>
  </datafield>
  <datafield tag="365" ind1=" " ind2=" ">
    <subfield code="b">495</subfield>
    <subfield code="c">Rs</subfield>
  </datafield>
  <datafield tag="520" ind1=" " ind2=" ">
    <subfield code="a">An &#x2018;apostle of non-violence&#x2019; is probably the most popular description of Mohandas Karamchand Gandhi, but is it the most accurate one? Former ambassador Alan Nazareth, a globally recognised scholar on Gandhian thought, elucidates in this book on how Gandhi was much more than that; how the essence of his ideology was a rare and distinctive combination of truth and non-violence&#x2014;a pro-active, passionate and path-breaking approach, rather than a passive absence of violence. His biggest contribution, in fact, was to channelise the spirit of self-sacrifice in a revolutionary drawn to violence and convert it into a soul force. This, in turn, led to an unprecedented thought revolution which not only resulted in India&#x2019;s independence but sounded the death knell for European imperialism worldwide on one side and the most significant social reforms on the other&#x2014;his work in the elimination of Untouchability, feudalism and Indenture system is unparalleled. Scholarly and thought-provoking, this highly readable book opens new vistas in our understanding of Gandhi, Gandhian thought and its contemporary relevance.</subfield>
  </datafield>
  <datafield tag="650" ind1=" " ind2=" ">
    <subfield code="a">Political Thought</subfield>
    <subfield code="9">172495</subfield>
  </datafield>
  <datafield tag="700" ind1=" " ind2=" ">
    <subfield code="a">NAZARETH (Pascal Alan)</subfield>
    <subfield code="9">172496</subfield>
  </datafield>
  <datafield tag="906" ind1=" " ind2=" ">
    <subfield code="a">force ; Gandhi: ; soul ; warrior</subfield>
  </datafield>
  <datafield tag="942" ind1=" " ind2=" ">
    <subfield code="2">ddc</subfield>
    <subfield code="c">DB</subfield>
  </datafield>
  <datafield tag="999" ind1=" " ind2=" ">
    <subfield code="c">215820</subfield>
    <subfield code="d">215820</subfield>
  </datafield>
  <datafield tag="952" ind1=" " ind2=" ">
    <subfield code="0">0</subfield>
    <subfield code="1">0</subfield>
    <subfield code="4">0</subfield>
    <subfield code="7">0</subfield>
    <subfield code="8">Political Science</subfield>
    <subfield code="a">AL</subfield>
    <subfield code="b">AL</subfield>
    <subfield code="d">2019-02-15</subfield>
    <subfield code="e">General Annual</subfield>
    <subfield code="g">495.00</subfield>
    <subfield code="l">1</subfield>
    <subfield code="m">1</subfield>
    <subfield code="o">320.55 NAZG</subfield>
    <subfield code="p">D04454</subfield>
    <subfield code="r">2024-07-29 00:00:00</subfield>
    <subfield code="s">2024-07-09</subfield>
    <subfield code="w">2021-07-19</subfield>
    <subfield code="y">DB</subfield>
  </datafield>
  <datafield tag="952" ind1=" " ind2=" ">
    <subfield code="0">0</subfield>
    <subfield code="1">0</subfield>
    <subfield code="2">ddc</subfield>
    <subfield code="4">0</subfield>
    <subfield code="7">0</subfield>
    <subfield code="8">PS</subfield>
    <subfield code="a">AL</subfield>
    <subfield code="b">AL</subfield>
    <subfield code="d">2024-04-03</subfield>
    <subfield code="g">495.00</subfield>
    <subfield code="l">0</subfield>
    <subfield code="o">320.55 NAZG</subfield>
    <subfield code="p">D06151</subfield>
    <subfield code="r">2024-07-03 00:00:00</subfield>
    <subfield code="v">495.00</subfield>
    <subfield code="w">2024-07-03</subfield>
    <subfield code="y">DB</subfield>
    <subfield code="z">Donated by Fr Dionysius Vas SJ</subfield>
  </datafield>
</record>
